| 000 | 00987nam a2200241 4500 | ||
|---|---|---|---|
| 008 | 090611s2006 ch 000 0 chi | ||
| 020 | _a9575879341 | ||
| 020 | _a9789575879341 :NT320/192/Php288.00 | ||
| 041 |
_achi _heng |
||
| 090 |
_aBV4909 _bAl5 _b2006 |
||
| 100 | 1 | _aAllender, Dan B. | |
| 240 | 1 | 0 |
_aHealing path. _lChinese |
| 245 | 1 | 0 |
_aYi zhi zhi lu {ch} = _bThe healing path / _cAilunde (Dan B. Allender) zhu ; He Chunli, Fu Yunxian yi. |
| 260 |
_aTaibei Xian Xindian Shi : _bXiao yuan shu fang chu ban she, _c2006. |
||
| 300 |
_a363 p. ; _c22 cm. |
||
| 490 | 1 | _aMove | |
| 500 | _aTranslation of : The healing path : how the hurts in your past can lead you to a more abundant life / Dan B. Allender, Colorado Springs, Colo. : WaterBrook Press, c1999. | ||
| 650 | 4 |
_aSuffering _xReligious aspects _xChristianity {ch}. |
|
| 700 | 1 | _aHe, Chunli. | |
| 700 | 1 | _aFu, Yunxian. | |
| 951 |
_pC-9396 _x00038267 _oCHBV4909/Al5/2006 _j090611172957765 _d2000-12-21 _cCH |
||
| 999 |
_c33330 _d33330 |
||